000 01245fam a2200337 a 4500
001 2306379
005 20150715123918.0
008 990323s1999 ne 101 0 eng
010 _a 99015083
020 _a0792357442 (alk. paper)
035 _a(OCoLC)41090612
035 _a(OCoLC)ocm41090612
035 _a(NNC)2306379
040 _aDLC
_cDLC
_dNNC
042 _apcc
043 _ae-uk---
050 0 0 _aQC16 N7N561
082 0 0 _a230/.044/092
_221
245 0 0 _aNewton and religion :
_bcontext, nature, and influence /
_cedited by James E. Force and Richard H. Popkin.
260 _aDordrecht ;
_aBoston :
_bKluwer,
_c1999.
263 _a9907
300 _axvii, 325 p. ;
_c25 cm.
490 1 _aInternational archives of the history of ideas =
_aArchives internationales d'histoire des idées ;
_vvol. 161
600 1 0 _aNewton, Isaac,
_d1642-1727
_xReligion
_vCongresses.
_918094
630 0 0 _aBible
_xCriticism, interpretation, etc.
_zGreat Britain
_xHistory
_y17th century
_vCongresses.
_918095
700 1 _aForce, James E.
_918096
700 1 _aPopkin, Richard H.
_q(Richard Henry),
_d1923-2005.
_918097
830 0 _aArchives internationales d'histoire des idées ;
_v161.
_918098
942 _2lcc
_cMONOGRAPH
999 _c122913
_d122913